Язык С с примерами: справочное руководство; пер. с англ.

Bibliographic Details
Main Author: Харбисон С. П. Самюел П.
Other Authors: Стил Г. Л. Гай Л.
Summary:Это справочное руководство содержит полное описание последнего Стандарта языка С, его рабочих библиотек и стиля С-программирования. Американский оригинал выдержал пять изданий и по праву считается авторитетным справочником из категории бестселлеров. В книгу входят описания Стандарта С 1999, Стандарта С 1989, традиционного С и С, совместимого с С++. Рассмотрен синтаксис языка, препроцессор, типы, выражения, операторы и функции. Текст содержит множество тщательно проверенных и подробно откомментированных примеров. Контрольные вопросы и задачи (с ответами) позволяют читателю проверить себя. Исчерпывающе описаны библиотечные функции, рассмотрены особенности их вызова и возможные ошибочные ситуации. Приведено формальное описание синтаксиса. Именно такое руководство всегда должно быть под рукой у каждого программиста и кодировщика.
Language:Russian
Published: Москва, Бином, 2011
Subjects:
Format: Book
KOHA link:https://koha.lib.tpu.ru/cgi-bin/koha/opac-detail.pl?biblionumber=194384

MARC

LEADER 00000nam0a2200000 4500
001 194384
005 20231101224542.0
010 |a 9785951804174 
035 |a (RuTPU)RU\TPU\book\212006 
090 |a 194384 
100 |a 20110414d2011 k y0rusy50 ca 
101 1 |a rus  |c eng 
102 |a RU 
105 |a y gj 001zy 
200 1 |a Язык С с примерами  |e справочное руководство  |e пер. с англ.  |f С. П. Харбисон, Г. Л. Стил 
210 |a Москва  |c Бином  |d 2011 
215 |a 528 с. 
330 |a Это справочное руководство содержит полное описание последнего Стандарта языка С, его рабочих библиотек и стиля С-программирования. Американский оригинал выдержал пять изданий и по праву считается авторитетным справочником из категории бестселлеров. В книгу входят описания Стандарта С 1999, Стандарта С 1989, традиционного С и С, совместимого с С++. Рассмотрен синтаксис языка, препроцессор, типы, выражения, операторы и функции. Текст содержит множество тщательно проверенных и подробно откомментированных примеров. Контрольные вопросы и задачи (с ответами) позволяют читателю проверить себя. Исчерпывающе описаны библиотечные функции, рассмотрены особенности их вызова и возможные ошибочные ситуации. Приведено формальное описание синтаксиса. Именно такое руководство всегда должно быть под рукой у каждого программиста и кодировщика. 
606 1 |a C  |x Язык программирования  |2 stltpush  |3 (RuTPU)RU\TPU\subj\53568  |9 71737 
610 1 |a языки программирования 
610 1 |a полное руководство 
610 1 |a лексика 
610 1 |a выражения 
610 1 |a функции 
610 1 |a возможности 
610 1 |a примеры 
610 1 |a ответы 
610 1 |a практические пособия 
610 1 |a справочные руководства 
610 1 |a учебные пособия 
675 |a 004.438(076)(035)  |v 3 
700 1 |a Харбисон  |b С. П.  |g Самюел П. 
701 1 |a Стил  |b Г. Л.  |g Гай Л. 
801 1 |a RU  |b 63413507  |c 20110414 
801 2 |a RU  |b 63413507  |c 20230119  |g RCR 
942 |c BK